Ajadi ya mout (Record no. 9359)

MARC details
000 -LEADER
fixed length control field 00548cam a2200217ua 4500
008 - FIXED-LENGTH DATA ELEMENTS--GENERAL INFORMATION
fixed length control field 180712n ii |||gr||||Z||||||hin
020 ## - INTERNATIONAL STANDARD BOOK NUMBER
International Standard Book Number 9780143067320
040 ## - CATALOGING SOURCE
Transcribing agency MAIN
041 ## - LANGUAGE CODE
-- hin
082 ## - DEWEY DECIMAL CLASSIFICATION NUMBER
Classification number 954.03
100 ## - MAIN ENTRY--PERSONAL NAME
Personal name French, Pedrick,
Relator term
245 ## - TITLE STATEMENT
Title Ajadi ya mout
Statement of responsibility, etc. By Pedrick French
260 ## - PUBLICATION, DISTRIBUTION, ETC.
Place of publication, distribution, etc. Gurgaon:
Name of publisher, distributor, etc. Penguin books,
Date of publication, distribution, etc. 2012.
300 ## - PHYSICAL DESCRIPTION
Extent 594p.
700 ## - ADDED ENTRY--PERSONAL NAME
Personal name Rathi, Gajendra,
Relator term
942 ## - ADDED ENTRY ELEMENTS (KOHA)
Koha item type Books
653 ## - INDEX TERM--UNCONTROLLED
Uncontrolled term South Asia India
653 ## - INDEX TERM--UNCONTROLLED
Uncontrolled term Liberty and death
653 ## - INDEX TERM--UNCONTROLLED
Uncontrolled term Period of British rule
Holdings
Withdrawn status Lost status Damaged status Not for loan Home library Current library Shelving location Date acquired Total Checkouts Full call number Barcode Date last seen Copy number Price effective from Koha item type
        Central Library, Naharkatiya College Central Library, Naharkatiya College General Stacks 19/09/2020   954.03 | FRE 24022 19/09/2020 1 19/09/2020 Books

Naharkatiya College © 2020. All rights reserved.

Powered By